000
00290nam a22001337a 4500
008
170914b xxu||||| |||| 00| 0 eng d
020
_a
0486202763
041
_a
eng
080
_a
7
100
_a
44
101
_a
ART
245
_a
PRINCIPLES OF ART HUSTORY
_c
WOLFFLIN,H
942
_2
udc
_c
BK
999
_c
27629
_d
27629